Les pays avec le plus de centenaires - Statistiques

Statistiques générales
  • Ce quiz a été pris 78 fois
  • Le résultat moyen est 16 sur 20
Statistiques - réponses
Hint Réponse % Correct
54 166 Chine
97%
31 269 France
97%
99 763 Japon
97%
98 034 États-Unis
96%
11 672 Canada
92%
27 000 Inde
90%
16 758 Allemagne
89%
19 573 Espagne
86%
22 600 Russie
86%
18 295 Mexique
83%
16 600 Royaume-Uni
83%
21 211 Italie
82%
6 588 Australie
81%
37 814 Brésil
81%
8 737 Corée du Sud
75%
8 119 Argentine
74%
7 387 Pologne
63%
45 561 Thaïlande
56%
19 400 Colombie
54%
22 525 Afrique du Sud
49%
Aucun quiz correspondant
Distribution des résultats
% des personnes avec chaque résultat
Percentile par nombre de réponses
Votre historique - résultats
Vous n’avez pas pris ce quiz